Horse sense: why getting involved with livery could be a good runner (Record no. 117124)

MARC details
000 -LEADER
fixed length control field 00782cam a2200229 4500
001 - CONTROL NUMBER
control field ABS67676
008 - FIXED-LENGTH DATA ELEMENTS--GENERAL INFORMATION
fixed length control field 040323n2004 000 0 eng u
035 ## - SYSTEM CONTROL NUMBER
System control number (Sirsi) u125528
100 ## - MAIN ENTRY--PERSONAL NAME
Personal name Cousins, D.
245 ## - TITLE STATEMENT
Title Horse sense: why getting involved with livery could be a good runner
260 ## - PUBLICATION, DISTRIBUTION, ETC.
Date of publication, distribution, etc. 2004
490 ## - SERIES STATEMENT
Series statement Farmers' Weekly
Volume/sequential designation 140(7) 13 February 2004, 68-69(2)
520 ## - SUMMARY, ETC.
Summary, etc. Advises on diversifying into the livery market. Horses are a £2.5bn sector of the rural economy. Explains the different levels of livery and service that farmers could offer.
590 ## - LOCAL NOTE (RLIN)
Local note ABS
590 ## - LOCAL NOTE (RLIN)
Local note ABS
650 ## - SUBJECT ADDED ENTRY--TOPICAL TERM
Topical term or geographic name entry element HORSES
650 ## - SUBJECT ADDED ENTRY--TOPICAL TERM
Topical term or geographic name entry element LIVERY STABLES
650 ## - SUBJECT ADDED ENTRY--TOPICAL TERM
Topical term or geographic name entry element RURAL ECONOMY
650 ## - SUBJECT ADDED ENTRY--TOPICAL TERM
Topical term or geographic name entry element FARM DIVERSIFICATION
690 ## - LOCAL SUBJECT ADDED ENTRY--TOPICAL TERM (OCLC, RLIN)
Topical term or geographic name as entry element RURAL-FARM BUSINESS MANAGEMENT
942 ## - ADDED ENTRY ELEMENTS (KOHA)
Suppress in OPAC 0
Holdings
Withdrawn status Lost status Source of classification or shelving scheme Damaged status Not for loan Home library Current library Shelving location Date acquired Total Checkouts Full call number Barcode Date last seen Copy number Price effective from Koha item type
    Dewey Decimal Classification     London London Journal article 23/03/2004   ABS67676 125528-1001 06/08/2019 1 06/08/2019 Journal article